| 000 | 01468namaa22003251i 4500 | ||
|---|---|---|---|
| 005 | 20260518131055.0 | ||
| 008 | 260518s1994 ua a|||frm||| 000 0 eng d | ||
| 040 |
_aEG-GICUC _beng _cEG-GICUC _dEG-GICUC _erda |
||
| 041 | 0 |
_aeng _beng _bara |
|
| 049 | _aDeposit | ||
| 097 | _aM.Sc | ||
| 099 | _aCai01.12.04.M.Sc.1994.Al.B | ||
| 100 | 0 |
_aAlaa El-Din Abdel-Monem Abdel-Gawad, _epreparation. |
|
| 245 | 1 | 0 |
_aBiophysical studies of the irradiated lens crystatallins of the mammalian eye / _cBy Alaa El-Din Abdel-Monem Abdel-Gawad ; Supervisors Prof. Dr. Fadel M. Ali, Assi. Prof. Dr. Fathia M. El-Refaei, Prof. Dr. Magdolin El-Gammal |
| 246 | 1 | 5 | _aدراسات بيوفيزيائية علي بروتينات عدسة عين الثدييات المشععة |
| 264 | 0 | _c1994. | |
| 300 |
_a130 Leaves _billustrations _c30 cm. + |
||
| 336 |
_2rda content _atext |
||
| 337 |
_2rdamedia _aUnmediated |
||
| 338 |
_2rdacarrier _avolume |
||
| 502 | _aThesis (M.Sc.)-Cairo University, 1994 | ||
| 504 | _aBibliography: pages 103-130 | ||
| 653 | 0 |
_athe irradiated lens crystatallins _airradiated lens crystatallins of the mammalian eye |
|
| 700 | 0 |
_aFadel M. Ali _ethesis advisor. |
|
| 700 | 0 |
_aFathia M. El-Refaei _ethesis advisor. |
|
| 700 | 0 |
_aMagdolin El-Gammal _ethesis advisor. |
|
| 900 |
_DDepartment of Biophysics _FFaculty of Science _UCairo University _b1994 _cFadel M. Ali _cFathia M. El-Refaei _cMagdolin El-Gammal |
||
| 905 | _aNehad | ||
| 942 |
_2ddc _cTH _e21 _n0 |
||
| 999 | _c180208 | ||